Statistics for Brza matematika - udvostručite taj broj!

Click here to take the quiz!

General Stats

  • This quiz has been taken 142 times
  • The average score is 8 of 20

Answer Stats

brojdvostruko% Correct
510
100%
5001000
100%
5041008
100%
5051010
100%
5061012
100%
5071014
100%
5091018
100%
51102
100%
5101020
100%
5121024
100%
52104
100%
5241048
100%
5251050
100%
53106
100%
5311062
100%
5331066
100%
55110
100%
5551110
100%
5591118
100%
5611122
100%
58116
100%
6011202
100%
6021204
100%
6081216
100%
61122
100%
6111222
100%
6141228
100%
6221244
100%
6231246
100%
6351270
100%
64128
100%
6481296
100%
65130
100%
6551310
100%
66132
100%
6811362
100%
6921384
100%
6991398
100%
714
100%
7101420
100%
72144
100%
7221444
100%
7231446
100%
7271454
100%
7281456
100%
7291458
100%
7341468
100%
7451490
100%
7491498
100%
7511502
100%
7591518
100%
76152
100%
7751550
100%
7771554
100%
78156
100%
7941588
100%
816
100%
8011602
100%
8031606
100%
8061612
100%
8181636
100%
82164
100%
8201640
100%
83166
100%
8321664
100%
8401680
100%
8451690
100%
8481696
100%
8531706
100%
8581716
100%
87174
100%
8701740
100%
918
100%
90180
100%
9031806
100%
9071814
100%
9231846
100%
9251850
100%
9281856
100%
9311862
100%
9351870
100%
9401880
100%
9621924
100%
9771954
100%
98196
100%
9851970
100%
104208
100%
109218
100%
1122
100%
111222
100%
112224
100%
113226
100%
114228
100%
115230
100%
1224
100%
121242
100%
122244
100%
123246
100%
1326
100%
130260
100%
132264
100%
135270
100%
139278
100%
141282
100%
142284
100%
147294
100%
150300
100%
153306
100%
156312
100%
159318
100%
1632
100%
160320
100%
167334
100%
1734
100%
175350
100%
1836
100%
180360
100%
183366
100%
184368
100%
188376
100%
193386
100%
196392
100%
203406
100%
206412
100%
209418
100%
2142
100%
225450
100%
228456
100%
2448
100%
242484
100%
243486
100%
246492
100%
251502
100%
254508
100%
257514
100%
260520
100%
2856
100%
284568
100%
291582
100%
3060
100%
300600
100%
303606
100%
304608
100%
307614
100%
308616
100%
312624
100%
314628
100%
315630
100%
317634
100%
3264
100%
320640
100%
322644
100%
329658
100%
330660
100%
331662
100%
334668
100%
335670
100%
3468
100%
3570
100%
366732
100%
380760
100%
383766
100%
400800
100%
401802
100%
404808
100%
408816
100%
409818
100%
4182
100%
410820
100%
414828
100%
415830
100%
416832
100%
418836
100%
419838
100%
421842
100%
430860
100%
432864
100%
435870
100%
439878
100%
443886
100%
444888
100%
450900
100%
454908
100%
464928
100%
467934
100%
469938
100%
4794
100%
480960
100%
481962
100%
495990
100%
3366
86%
252504
83%
5401080
80%
5601120
80%
7061412
80%
7301460
80%
8301660
80%
181362
80%
4590
80%
50100
75%
5031006
75%
5511102
75%
8821764
75%
9041808
75%
9291858
75%
9601920
75%
100200
75%
202404
75%
210420
75%
214428
75%
217434
75%
2346
75%
302604
75%
310620
75%
3672
75%
413826
75%
420840
75%
5111022
67%
5351070
67%
54108
67%
5491098
67%
5901180
67%
612
67%
6121224
67%
6251250
67%
7001400
67%
75150
67%
7501500
67%
7811562
67%
80160
67%
8431686
67%
92184
67%
9501900
67%
9921984
67%
101202
67%
108216
67%
116232
67%
126252
67%
129258
67%
131262
67%
154308
67%
178356
67%
189378
67%
192384
67%
2040
67%
205410
67%
222444
67%
245490
67%
250500
67%
275550
67%
287574
67%
301602
67%
305610
67%
345690
67%
350700
67%
365730
67%
440880
67%
453906
67%
456912
67%
4692
67%
8071614
60%
95190
60%
172344
60%
290580
60%
371742
60%
473946
60%
5081016
50%
5131026
50%
5161032
50%
5201040
50%
5221044
50%
5341068
50%
5361072
50%
5411082
50%
5431086
50%
5571114
50%
56112
50%
57114
50%
5701140
50%
5721144
50%
5741148
50%
5801160
50%
5981196
50%
6061212
50%
6101220
50%
6131226
50%
62124
50%
6241248
50%
6271254
50%
6281256
50%
6301260
50%
6331266
50%
6341268
50%
6401280
50%
6441288
50%
6451290
50%
6531306
50%
6561312
50%
6581316
50%
6691338
50%
6771354
50%
6801360
50%
6871374
50%
6881376
50%
6941388
50%
6961392
50%
7031406
50%
71142
50%
7121424
50%
7151430
50%
7171434
50%
7201440
50%
7211442
50%
7321464
50%
74148
50%
7431486
50%
7701540
50%
7721544
50%
7831566
50%
7911582
50%
7981596
50%
8041608
50%
81162
50%
8111622
50%
8161632
50%
8191638
50%
8231646
50%
8261652
50%
8361672
50%
8371674
50%
8441688
50%
85170
50%
8501700
50%
8621724
50%
8671734
50%
8781756
50%
88176
50%
8891778
50%
9011802
50%
9061812
50%
91182
50%
9131826
50%
9221844
50%
9241848
50%
9301860
50%
9391878
50%
9431886
50%
9451890
50%
9511902
50%
9591918
50%
9631926
50%
97194
50%
9731946
50%
99198
50%
1020
50%
105210
50%
125250
50%
1428
50%
145290
50%
151302
50%
152304
50%
157314
50%
162324
50%
168336
50%
171342
50%
182364
50%
1938
50%
194388
50%
200400
50%
201402
50%
204408
50%
212424
50%
213426
50%
219438
50%
223446
50%
224448
50%
235470
50%
238476
50%
249498
50%
255510
50%
259518
50%
2754
50%
270540
50%
298596
50%
299598
50%
309618
50%
311622
50%
313626
50%
319638
50%
321642
50%
332664
50%
338676
50%
343686
50%
349698
50%
358716
50%
361722
50%
362724
50%
363726
50%
368736
50%
3876
50%
381762
50%
382764
50%
385770
50%
406812
50%
412824
50%
426852
50%
431862
50%
437874
50%
459918
50%
461922
50%
462924
50%
463926
50%
466932
50%
478956
50%
497994
50%
119238
43%
8331666
40%
89178
40%
195390
40%
218436
40%
220440
40%
306612
40%
369738
40%
384768
40%
403806
40%
482964
40%
488976
40%
5021004
33%
5561112
33%
5581116
33%
5811162
33%
5931186
33%
6091218
33%
6171234
33%
6381276
33%
67134
33%
6821364
33%
6861372
33%
7131426
33%
7161432
33%
73146
33%
7581516
33%
8081616
33%
8141628
33%
8151630
33%
8211642
33%
8281656
33%
8341668
33%
8471694
33%
8511702
33%
8611722
33%
8651730
33%
8681736
33%
9191838
33%
9201840
33%
9491898
33%
9751950
33%
9881976
33%
9891978
33%
124248
33%
138276
33%
173346
33%
266532
33%
272544
33%
278556
33%
283566
33%
353706
33%
354708
33%
359718
33%
367734
33%
388776
33%
417834
33%
428856
33%
448896
33%
457914
33%
458916
33%
7851570
29%
5211042
25%
5731146
25%
6321264
25%
6471294
25%
6701340
25%
6981396
25%
7381476
25%
8291658
25%
8641728
25%
9021804
25%
9051810
25%
9261852
25%
9701940
25%
166332
25%
232464
25%
391782
25%
399798
25%
4080
25%
405810
25%
422844
25%
429858
25%
475950
25%
5781156
20%
6291258
20%
6791358
20%
6911382
20%
7471494
20%
8741748
20%
8981796
20%
143286
20%
248496
20%
342684
20%
344688
20%
395790
20%
494988
20%
5381076
17%
394788
17%
5011002
0%
5141028
0%
5151030
0%
5171034
0%
5181036
0%
5191038
0%
5231046
0%
5261052
0%
5271054
0%
5281056
0%
5291058
0%
5301060
0%
5321064
0%
5371074
0%
5391078
0%
5421084
0%
5441088
0%
5451090
0%
5461092
0%
5471094
0%
5481096
0%
5501100
0%
5521104
0%
5531106
0%
5541108
0%
5621124
0%
5631126
0%
5641128
0%
5651130
0%
5661132
0%
5671134
0%
5681136
0%
5691138
0%
5711142
0%
5751150
0%
5761152
0%
5771154
0%
5791158
0%
5821164
0%
5831166
0%
5841168
0%
5851170
0%
5861172
0%
5871174
0%
5881176
0%
5891178
0%
59118
0%
5911182
0%
5921184
0%
5941188
0%
5951190
0%
5961192
0%
5971194
0%
5991198
0%
60120
0%
6001200
0%
6031206
0%
6041208
0%
6051210
0%
6071214
0%
6151230
0%
6161232
0%
6181236
0%
6191238
0%
6201240
0%
6211242
0%
6261252
0%
63126
0%
6311262
0%
6361272
0%
6371274
0%
6391278
0%
6411282
0%
6421284
0%
6431286
0%
6461292
0%
6491298
0%
6501300
0%
6511302
0%
6521304
0%
6541308
0%
6571314
0%
6591318
0%
6601320
0%
6611322
0%
6621324
0%
6631326
0%
6641328
0%
6651330
0%
6661332
0%
6671334
0%
6681336
0%
6711342
0%
6721344
0%
6731346
0%
6741348
0%
6751350
0%
6761352
0%
6781356
0%
68136
0%
6831366
0%
6841368
0%
6851370
0%
6891378
0%
69138
0%
6901380
0%
6931386
0%
6951390
0%
6971394
0%
70140
0%
7011402
0%
7021404
0%
7041408
0%
7051410
0%
7071414
0%
7081416
0%
7091418
0%
7111422
0%
7141428
0%
7181436
0%
7191438
0%
7241448
0%
7251450
0%
7261452
0%
7311462
0%
7331466
0%
7351470
0%
7361472
0%
7371474
0%
7391478
0%
7401480
0%
7411482
0%
7421484
0%
7441488
0%
7461492
0%
7481496
0%
7521504
0%
7531506
0%
7541508
0%
7551510
0%
7561512
0%
7571514
0%
7601520
0%
7611522
0%
7621524
0%
7631526
0%
7641528
0%
7651530
0%
7661532
0%
7671534
0%
7681536
0%
7691538
0%
77154
0%
7711542
0%
7731546
0%
7741548
0%
7761552
0%
7781556
0%
7791558
0%
7801560
0%
7821564
0%
7841568
0%
7861572
0%
7871574
0%
7881576
0%
7891578
0%
79158
0%
7901580
0%
7921584
0%
7931586
0%
7951590
0%
7961592
0%
7971594
0%
7991598
0%
8001600
0%
8021604
0%
8051610
0%
8091618
0%
8101620
0%
8121624
0%
8131626
0%
8171634
0%
8221644
0%
8241648
0%
8251650
0%
8271654
0%
8311662
0%
8351670
0%
8381676
0%
8391678
0%
84168
0%
8411682
0%
8421684
0%
8461692
0%
8491698
0%
8521704
0%
8541708
0%
8551710
0%
8561712
0%
8571714
0%
8591718
0%
86172
0%
8601720
0%
8631726
0%
8661732
0%
8691738
0%
8711742
0%
8721744
0%
8731746
0%
8751750
0%
8761752
0%
8771754
0%
8791758
0%
8801760
0%
8811762
0%
8831766
0%
8841768
0%
8851770
0%
8861772
0%
8871774
0%
8881776
0%
8901780
0%
8911782
0%
8921784
0%
8931786
0%
8941788
0%
8951790
0%
8961792
0%
8971794
0%
8991798
0%
9001800
0%
9081816
0%
9091818
0%
9101820
0%
9111822
0%
9121824
0%
9141828
0%
9151830
0%
9161832
0%
9171834
0%
9181836
0%
9211842
0%
9271854
0%
93186
0%
9321864
0%
9331866
0%
9341868
0%
9361872
0%
9371874
0%
9381876
0%
94188
0%
9411882
0%
9421884
0%
9441888
0%
9461892
0%
9471894
0%
9481896
0%
9521904
0%
9531906
0%
9541908
0%
9551910
0%
9561912
0%
9571914
0%
9581916
0%
96192
0%
9611922
0%
9641928
0%
9651930
0%
9661932
0%
9671934
0%
9681936
0%
9691938
0%
9711942
0%
9721944
0%
9741948
0%
9761952
0%
9781956
0%
9791958
0%
9801960
0%
9811962
0%
9821964
0%
9831966
0%
9841968
0%
9861972
0%
9871974
0%
9901980
0%
9911982
0%
9931986
0%
9941988
0%
102204
0%
103206
0%
106212
0%
107214
0%
110220
0%
117234
0%
118236
0%
120240
0%
127254
0%
128256
0%
133266
0%
134268
0%
136272
0%
137274
0%
140280
0%
144288
0%
146292
0%
148296
0%
149298
0%
1530
0%
155310
0%
158316
0%
161322
0%
163326
0%
164328
0%
165330
0%
169338
0%
170340
0%
174348
0%
176352
0%
177354
0%
179358
0%
185370
0%
186372
0%
187374
0%
190380
0%
191382
0%
197394
0%
198396
0%
199398
0%
207414
0%
208416
0%
211422
0%
215430
0%
216432
0%
2244
0%
221442
0%
226452
0%
227454
0%
229458
0%
230460
0%
231462
0%
233466
0%
234468
0%
236472
0%
237474
0%
239478
0%
240480
0%
241482
0%
244488
0%
247494
0%
2550
0%
253506
0%
256512
0%
258516
0%
2652
0%
261522
0%
262524
0%
263526
0%
264528
0%
265530
0%
267534
0%
268536
0%
269538
0%
271542
0%
273546
0%
274548
0%
276552
0%
277554
0%
279558
0%
280560
0%
281562
0%
282564
0%
285570
0%
286572
0%
288576
0%
289578
0%
2958
0%
292584
0%
293586
0%
294588
0%
295590
0%
296592
0%
297594
0%
3162
0%
316632
0%
318636
0%
323646
0%
324648
0%
325650
0%
326652
0%
327654
0%
328656
0%
333666
0%
336672
0%
337674
0%
339678
0%
340680
0%
341682
0%
346692
0%
347694
0%
348696
0%
351702
0%
352704
0%
355710
0%
356712
0%
357714
0%
360720
0%
364728
0%
3774
0%
370740
0%
372744
0%
373746
0%
374748
0%
375750
0%
376752
0%
377754
0%
378756
0%
379758
0%
386772
0%
387774
0%
389778
0%
3978
0%
390780
0%
392784
0%
393786
0%
396792
0%
397794
0%
398796
0%
402804
0%
407814
0%
411822
0%
4284
0%
423846
0%
424848
0%
425850
0%
427854
0%
4386
0%
433866
0%
434868
0%
436872
0%
438876
0%
4488
0%
441882
0%
442884
0%
445890
0%
446892
0%
447894
0%
449898
0%
451902
0%
452904
0%
455910
0%
460920
0%
465930
0%
468936
0%
470940
0%
471942
0%
472944
0%
474948
0%
476952
0%
477954
0%
479958
0%
4896
0%
483966
0%
484968
0%
485970
0%
486972
0%
487974
0%
489978
0%
4998
0%
490980
0%
491982
0%
492984
0%
493986
0%
496992
0%
498996
0%
499998
0%

Score Distribution

Percentile by Number Answered

Percent of People with Each Score

Your Score History

You have not taken this quiz